| 000 | 00000nam##2200000za#4500 |
| 001 | 9.642520 |
| 003 | CaOODSP |
| 005 | 20231102100625 |
| 007 | cr ||||||||||| |
| 008 | 150407|2005||||xxc|||||o f|0| 0 fre|d |
| 040 | |aCaOODSP|bfre |
| 043 | |an-cn--- |
| 086 | 1 |aD74-14/2005F-PDF |
| 110 | 2 |aBureau de l'ombudsman de la Défense nationale et des Forces canadiennes. |
| 245 | 10|aRemaniement de la surveillance : |h[ressource électronique]|blivre blanc de l'Ombudsman / |c[par] André Marin. |
| 260 | |aOttawa - Ontario : |bBureau de l'ombudsman de la Défense nationale et des Forces canadiennes |c2005. |
| 300 | |a54p.|bphotographies |
| 500 | |aPlaignant: Christian McEachern. |
| 590 | |a13-23-Supp|b2013-10-08 |
| 775 | 08|tOverhauling oversight : |w(CaOODSP)9.698514 |
| 856 | 40|ahttp://publications.gc.ca|qPDF|s659 Ko|uhttps://publications.gc.ca/collections/collection_2013/dn-nd/D74-14-2005-fra.pdf |